000 00497nam a2200169 i 4500
001 74943
003 ES-MaACL
005 20230906172308.0
007 t|
008 040921s1932 xxk ||||1| eng d
100 1 _aGosse, Philip.
_959260
245 1 4 _aThe history of piracy /
_cby Philip Gosse.
260 _aLondon :
_bLongmans, Green and Co,
_c1932.
300 _aXIX, 349 p., 19 lám., 3 mapas y 1 map. pleg. ;
_c22 cm.
650 4 _aPiratas-
_xHistoria.
_9164236
852 _aES-MaACL
_jA-1566
999 _c74943
_d74943